The beasty beatitudes of Balthazar B
Guardat en:
| Autor principal: | |
|---|---|
| Format: | Llibre |
| Idioma: | anglès |
| Publicat: |
Nueva York
Dell Publishing
1968
|
| Col·lecció: | Laurel Edition
|
| Matèries: | |
| Etiquetes: |
Afegir etiqueta
Sense etiquetes, Sigues el primer a etiquetar aquest registre!
|
MARC
| LEADER | 00000nam a2200000 a 4500 | ||
|---|---|---|---|
| 001 | UCQ3666 | ||
| 003 | CL-VaPUC | ||
| 008 | 980821e19680000US |||||||||||||||||eng|d | ||
| 082 | 0 | 4 | |a 813 |b DON |2 21 |
| 100 | 0 | |a Donleavy, J. P |e author |9 417931 | |
| 245 | 1 | 4 | |a The beasty beatitudes of Balthazar B |
| 300 | |a 379 p | ||
| 942 | |c BK | ||
| 945 | |d 19980821 00:00:00 |a crobeson | ||
| 260 | |a Nueva York |b Dell Publishing |c 1968 | ||
| 650 | 0 | |a Novelas estadounidenses |9 265217 | |
| 650 | 0 | |a Literatura estadounidense |9 317168 | |
| 583 | |a last modification |c 19980821 00:00:00 |k Rodrigo Vera | ||
| 490 | 0 | |a Laurel Edition | |
| 999 | |c 274183 |d 274181 | ||
| 952 | |0 0 |1 0 |4 0 |6 813_000000000000000_DON_1968 |7 0 |8 A |9 310288 |a BIBEDU |b BIBEDU |d 2019-11-20 |i 1456873 |o 813 DON 1968 |p 1456873 |r 2019-11-20 |w 2019-11-20 |y BK |k LIT | ||